logo

Bir Sreshtho Munshi Abdur Rouf Library
Jhenaidah Cadet College

Oxford advanced learner's dictionary of current English / (Record no. 6248)

MARC details
000 -LEADER
fixed length control field 00991cam a2200337 a 4500
001 - CONTROL NUMBER
JCCL Control Number 6248
003 - CONTROL NUMBER IDENTIFIER
JCCL marc code BD - Jhcc
005 - DATE AND TIME OF LATEST TRANSACTION
control field 20180117185054.0
008 - FIXED-LENGTH DATA ELEMENTS--GENERAL INFORMATION
fixed length control field 950524s1995 enka d 000 0 eng d
020 ## - INTERNATIONAL STANDARD BOOK NUMBER
International Standard Book Number 0194314219 (Hbk.)
020 ## - INTERNATIONAL STANDARD BOOK NUMBER
International Standard Book Number 0194314324 (Laminated boards)
020 ## - INTERNATIONAL STANDARD BOOK NUMBER
International Standard Book Number 0194311805 (flexicover)
020 ## - INTERNATIONAL STANDARD BOOK NUMBER
International Standard Book Number 0194314227 (pbk)
020 ## - INTERNATIONAL STANDARD BOOK NUMBER
International Standard Book Number 0194314235 (International students' ed.)
035 ## - SYSTEM CONTROL NUMBER
system control number (BD-JhCC)6248
040 ## - CATALOGING SOURCE
Original cataloging agency BD-JhCC
Modifying agency BD-JhCC
041 ## - LANGUAGE CODE
Language code of Book eng
050 #0 - LIBRARY OF CONGRESS CALL NUMBER
Classification number PE1625
082 ## - DEWEY DECIMAL CLASSIFICATION NUMBER
Classification number 423
DDC Edition number 19
Author mark and Year HOR 1996
100 1# - MAIN ENTRY--PERSONAL NAME
Personal name Hornby, Albert Sydney.
245 10 - TITLE STATEMENT
Title Oxford advanced learner's dictionary of current English /
Statement of responsibility, etc A.S. Hornby.
250 ## - EDITION STATEMENT
Edition statement 5th ed. /
260 ## - PUBLICATION, DISTRIBUTION, ETC. (IMPRINT)
Place of publication, distribution, etc Oxford :
Name of publisher, distributor, etc Oxford University Press,
Date of publication, distribution, etc 1995.
300 ## - PHYSICAL DESCRIPTION
Pagination x, 1428 p :
Other physical details ill. ;
Dimensions 23 cm.
500 ## - GENERAL NOTE
General note Previous ed.: 1989.
500 ## - GENERAL NOTE
General note Text on lining papers.
650 #0 - SUBJECT ADDED ENTRY--TOPICAL TERM
Topical term or geographic name as entry element English language
Form subdivision Dictionaries.
700 1# - ADDED ENTRY--PERSONAL NAME
Personal name Crowther, Jonathan,
Dates associated with a name 1942-
942 ## - ADDED ENTRY ELEMENTS (KOHA)
Source of classification or shelving scheme Dewey Decimal Classification
Koha item type Books
Holdings
Source of classification or shelving scheme Damaged status Not for loan Home library Current library Shelving location Total Checkouts Full call number Barcode Date last seen Copy number Koha item type
Dewey Decimal Classification     JCC Rouf Library JCC Rouf Library General Stacks   423 HOR 1996 8087 01/17/2018 C - 1 Books

JCC Library | Contacts | JCC Home

Last Update on 23 September 2017
Copyright @ 2017-2020 JCC Rouf Library
Rouf Library, Jhenidah Cadet College (JCC), Bangladesh